[Event "Is Bankasi Online Satranc Turn.19-20 YAS"]
[Site "T#646377Mustafa Kemal"]
[Date "2020.05.27"]
[Round "3"]
[White "Kadirakin18"]
[Black "ahmetosmanonar60"]
[Result "1-0"]
[WhiteElo "1620"]
[BlackElo "1620"]
[Annotator "NA RC"]
[PlyCount "113"]
[EventDate "2020.05.27"]
[EventType "swiss (blitz)"]

1. e4 {[%emt 0:00:03]} c6 {[%emt 0:00:02]} 2. d4 {[%emt 0:00:01]} d5 {[%emt 0:00:01]} 3. exd5 {[%emt 0:00:00]} cxd5 {[%emt 0:00:01]} 4. Bd3 {[%emt 0:00:01]} Nc6 {[%emt 0:00:03]} 5. c3 {[%emt 0:00:00]} Nf6 {[%emt 0:00:05]} 6. Bf4 {[%emt 0:00:01]} h6 {[%emt 0:00:13]} 7. Nd2 {[%emt 0:00:03]} e6 {[%emt 0:00:05]} 8. Ngf3 {[%emt 0:00:01]} Bd6 {[%emt 0:00:02]} 9. Bxd6 {[%emt 0:00:03]} Qxd6 {[%emt 0:00:01]} 10. O-O {[%emt 0:00:00]} O-O {[%emt 0:00:02]} 11. Qe2 {[%emt 0:00:00]} a6 {[%emt 0:00:11]} 12. Rae1 {[%emt 0:00:01]} Re8 {[%emt 0:00:03]} 13. Ne5 {[%emt 0:00:01]} Nd7 {[%emt 0:00:07]} 14. f4 {[%emt 0:00:02]} Ndxe5 {[%emt 0:00:13]} 15. fxe5 {[%emt 0:00:01]} Qe7 {[%emt 0:00:02]} 16. Qh5 {[%emt 0:00:03]} Rf8 {[%emt 0:00:26]} 17. Rf4 {[%emt 0:00:08]} Bd7 {[%emt 0:00:09]} 18. Ref1 {[%emt 0:00:02]} f6 {[%emt 0:00:02]} 19. exf6 {[%emt 0:00:11]} Rxf6 {[%emt 0:00:19]} 20. Rxf6 {[%emt 0:00:01]} gxf6 {[%emt 0:00:01]} 21. Qxh6 {[%emt 0:00:01]} Qg7 {[%emt 0:00:03]} 22. Qxf6 {[%emt 0:00:05]} Rf8 {[%emt 0:00:06]} 23. Qxf8+ {[%emt 0:00:02]} Qxf8 {[%emt 0:00:02]} 24. Rxf8+ {[%emt 0:00:00]} Kxf8 {[%emt 0:00:01]} 25. h4 {[%emt 0:00:00]} Kg7 {[%emt 0:00:01]} 26. g4 {[%emt 0:00:01]} e5 {[%emt 0:00:01]} 27. dxe5 {[%emt 0:00:01]} Nxe5 {[%emt 0:00:03]} 28. Bf1 {[%emt 0:00:25]} Nxg4 {[%emt 0:00:07]} 29. Nf3 {[%emt 0:00:07]} Kh6 {[%emt 0:00:12]} 30. Be2 {[%emt 0:00:12]} b5 {[%emt 0:00:16]} 31. Kg2 {[%emt 0:00:04]} Ne3+ {[%emt 0:00:04]} 32. Kg3 {[%emt 0:00:03]} Nf5+ {[%emt 0:00:05]} 33. Kf4 {[%emt 0:00:01]} Ng7 {[%emt 0:00:10]} 34. Ke5 {[%emt 0:00:06]} Bc6 {[%emt 0:00:03]} 35. Nd4 {[%emt 0:00:01]} Ba8 {[%emt 0:00:02]} 36. Bf3 {[%emt 0:00:03]} Ne8 {[%emt 0:00:07]} 37. Bxd5 {[%emt 0:00:02]} Bxd5 {[%emt 0:00:02]} 38. Kxd5 {[%emt 0:00:00]} Kh5 {[%emt 0:00:03]} 39. Kc6 {[%emt 0:00:02]} Kxh4 {[%emt 0:00:01]} 40. Kb6 {[%emt 0:00:01]} Kg5 {[%emt 0:00:07]} 41. Kxa6 {[%emt 0:00:00]} Kf4 {[%emt 0:00:02]} 42. Kxb5 {[%emt 0:00:01]} Ke4 {[%emt 0:00:01]} 43. a4 {[%emt 0:00:01]} Kd5 {[%emt 0:00:02]} 44. a5 {[%emt 0:00:01]} Kd6 {[%emt 0:00:01]} 45. Kb6 {[%emt 0:00:01]} Nc7 {[%emt 0:00:02]} 46. Nb5+ {[%emt 0:00:01]} Nxb5 {[%emt 0:00:02]} 47. Kxb5 {[%emt 0:00:00]} Kc7 {[%emt 0:00:01]} 48. b4 {[%emt 0:00:01]} Kb8 {[%emt 0:00:01]} 49. c4 {[%emt 0:00:00]} Ka7 {[%emt 0:00:01]} 50. Kc6 {[%emt 0:00:01]} Ka6 {[%emt 0:00:03]} 51. c5 {[%emt 0:00:03]} Ka7 {[%emt 0:00:04]} 52. b5 {[%emt 0:00:01]} Kb8 {[%emt 0:00:03]} 53. Kd7 {[%emt 0:00:01]} Kb7 {[%emt 0:00:01]} 54. c6+ {[%emt 0:00:00]} Kb8 {[%emt 0:00:01]} 55. c7+ {[%emt 0:00:01]} Kb7 {[%emt 0:00:02]} 56. c8=Q+ {[%emt 0:00:01]} Ka7 {[%emt 0:00:02]} 57. Qc5+ {[%emt 0:00:11] ahmetosmanonar60 terk eder (Lag: Av=0.87s, max=1.8s)} 1-0

[Event "Is Bankasi Online Satranc Turn.19-20 YAS"]
[Site "T#646377Mustafa Kemal"]
[Date "2020.05.27"]
[Round "3"]
[White "Koraypehlivano52"]
[Black "Farukyazici26"]
[Result "0-1"]
[WhiteElo "1620"]
[BlackElo "1568"]
[Annotator "NA RC"]
[PlyCount "116"]
[EventDate "2020.05.27"]
[EventType "swiss (blitz)"]

1. e4 {[%emt 0:00:06]} e5 {[%emt 0:00:13]} 2. Qh5 {[%emt 0:00:02]} Nc6 {[%emt 0:00:02]} 3. Bc4 {[%emt 0:00:02]} Qf6 {[%emt 0:00:01]} 4. Nc3 {[%emt 0:00:02]} Bc5 {[%emt 0:00:03]} 5. f3 {[%emt 0:00:10]} g6 {[%emt 0:00:03]} 6. Qh3 {[%emt 0:00:04]} d5 {[%emt 0:00:08]} 7. Nxd5 {[%emt 0:00:07]} Bxh3 {[%emt 0:00:08]} 8. Nxf6+ {[%emt 0:00:02]} Nxf6 {[%emt 0:00:01]} 9. Nxh3 {[%emt 0:00:02]} Nd4 {[%emt 0:00:04]} 10. Bb3 {[%emt 0:00:09]} Nh5 {[%emt 0:00:11]} 11. Ng5 {[%emt 0:00:10]} O-O {[%emt 0:00:09]} 12. c3 {[%emt 0:00:11]} Nxb3 {[%emt 0:00:08]} 13. axb3 {[%emt 0:00:02]} Nf4 {[%emt 0:00:02]} 14. b4 {[%emt 0:00:20]} Bb6 {[%emt 0:00:03]} 15. g3 {[%emt 0:00:10]} Nd3+ {[%emt 0:00:19]} 16. Ke2 {[%emt 0:00:12]} Rad8 {[%emt 0:00:03]} 17. h4 {[%emt 0:00:09]} h6 {[%emt 0:00:02]} 18. Nh3 {[%emt 0:00:05]} f5 {[%emt 0:00:03]} 19. exf5 {[%emt 0:00:10]} Rxf5 {[%emt 0:00:00]} 20. Rf1 {[%emt 0:00:10]} Rf7 {[%emt 0:00:35]} 21. g4 {[%emt 0:00:07]} Re7 {[%emt 0:00:05]} 22. b3 {[%emt 0:00:29]} e4 {[%emt 0:00:10]} 23. fxe4 {[%emt 0:00:04]} Rxe4+ {[%emt 0:00:01]} 24. Kd1 {[%emt 0:00:01]} Rxg4 {[%emt 0:00:16]} 25. Ra4 {[%emt 0:00:12]} Rxh4 {[%emt 0:00:10]} 26. Ng1 {[%emt 0:00:02]} Rh1 {[%emt 0:00:09]} 27. c4 {[%emt 0:00:14]} Nxc1 {[%emt 0:00:09]} 28. Kxc1 {[%emt 0:00:03]} Rxg1 {[%emt 0:00:01]} 29. Rxg1 {[%emt 0:00:05]} Bxg1 {[%emt 0:00:00]} 30. c5 {[%emt 0:00:01]} a6 {[%emt 0:00:02]} 31. Ra2 {[%emt 0:00:04]} h5 {[%emt 0:00:07]} 32. Rc2 {[%emt 0:00:02]} Re8 {[%emt 0:00:02]} 33. Kb2 {[%emt 0:00:02]} Bd4+ {[%emt 0:00:02]} 34. Ka3 {[%emt 0:00:02]} g5 {[%emt 0:00:01]} 35. Ka4 {[%emt 0:00:06]} g4 {[%emt 0:00:02]} 36. b5 {[%emt 0:00:02]} axb5+ {[%emt 0:00:04]} 37. Kxb5 {[%emt 0:00:01]} g3 {[%emt 0:00:01]} 38. Rc4 {[%emt 0:00:02]} g2 {[%emt 0:00:05]} 39. Rxd4 {[%emt 0:00:04]} g1=Q {[%emt 0:00:02]} 40. Rd7 {[%emt 0:00:04]} Re5 {[%emt 0:00:08]} 41. Rd8+ {[%emt 0:00:02]} Kg7 {[%emt 0:00:03]} 42. b4 {[%emt 0:00:02]} b6 {[%emt 0:00:03]} 43. Rd7+ {[%emt 0:00:02]} Kg6 {[%emt 0:00:01]} 44. Rxc7 {[%emt 0:00:02]} bxc5 {[%emt 0:00:01]} 45. Rxc5 {[%emt 0:00:01]} Rxc5+ {[%emt 0:00:01]} 46. bxc5 {[%emt 0:00:01]} Qb1+ {[%emt 0:00:01]} 47. Kc6 {[%emt 0:00:01]} Qb8 {[%emt 0:00:01]} 48. d4 {[%emt 0:00:02]} Qc8+ {[%emt 0:00:02]} 49. Kd5 {[%emt 0:00:01]} h4 {[%emt 0:00:02]} 50. c6 {[%emt 0:00:01]} h3 {[%emt 0:00:01]} 51. Kc5 {[%emt 0:00:01]} h2 {[%emt 0:00:01]} 52. d5 {[%emt 0:00:01]} h1=Q {[%emt 0:00:02]} 53. Kd6 {[%emt 0:00:02]} Qh2+ {[%emt 0:00:03]} 54. Kc5 {[%emt 0:00:02]} Qf2+ {[%emt 0:00:01]} 55. Kd6 {[%emt 0:00:01]} Qf4+ {[%emt 0:00:01]} 56. Kc5 {[%emt 0:00:01]} Qcf8+ {[%emt 0:00:02]} 57. Kb5 {[%emt 0:00:07]} Q4b4+ {[%emt 0:00:02]} 58. Ka6 {[%emt 0:00:02]} Qa8# {[%emt 0:00:01] (Lag: Av=0.89s, max=1.4s)} 0-1

[Event "Is Bankasi Online Satranc Turn.19-20 YAS"]
[Site "T#646377Mustafa Kemal"]
[Date "2020.05.27"]
[Round "3"]
[White "Okanozsakallio94"]
[Black "Egekargin94"]
[Result "1-0"]
[WhiteElo "1620"]
[BlackElo "1620"]
[Annotator "NA RC"]
[PlyCount "79"]
[EventDate "2020.05.27"]
[EventType "swiss (blitz)"]

1. e4 {[%emt 0:00:04]} d6 {[%emt 0:00:01]} 2. d4 {[%emt 0:00:02]} g6 {[%emt 0:00:01]} 3. Nc3 {[%emt 0:00:01]} Bg7 {[%emt 0:00:01]} 4. Nf3 {[%emt 0:00:00]} Bg4 {[%emt 0:00:02]} 5. Be3 {[%emt 0:00:02]} Nf6 {[%emt 0:00:01]} 6. h3 {[%emt 0:00:01]} Bxf3 {[%emt 0:00:01]} 7. Qxf3 {[%emt 0:00:00]} O-O {[%emt 0:00:01]} 8. Bc4 {[%emt 0:00:01]} Nc6 {[%emt 0:00:01]} 9. O-O-O {[%emt 0:00:03]} e5 {[%emt 0:00:02]} 10. d5 {[%emt 0:00:03]} Nd4 {[%emt 0:00:02]} 11. Qg3 {[%emt 0:00:11]} Nh5 {[%emt 0:00:05]} 12. Qh2 {[%emt 0:00:03]} a6 {[%emt 0:00:06]} 13. g4 {[%emt 0:00:01]} Nf6 {[%emt 0:00:03]} 14. Bd3 {[%emt 0:00:11]} c5 {[%emt 0:00:04]} 15. dxc6 {[%emt 0:00:02]} bxc6 {[%emt 0:00:01]} 16. f4 {[%emt 0:00:01]} Nd7 {[%emt 0:00:08]} 17. f5 {[%emt 0:00:04]} Rb8 {[%emt 0:00:19]} 18. g5 {[%emt 0:00:35]} f6 {[%emt 0:00:12]} 19. fxg6 {[%emt 0:00:02]} hxg6 {[%emt 0:00:08]} 20. Bc4+ {[%emt 0:00:02]} d5 {[%emt 0:00:10]} 21. exd5 {[%emt 0:00:08]} Nb6 {[%emt 0:00:01]} 22. Bb3 {[%emt 0:00:02]} c5 {[%emt 0:00:02]} 23. gxf6 {[%emt 0:00:06]} Qxf6 {[%emt 0:00:08]} 24. a3 {[%emt 0:00:16]} c4 {[%emt 0:00:08]} 25. Ba2 {[%emt 0:00:03]} Nf3 {[%emt 0:00:06]} 26. Qg3 {[%emt 0:00:10]} Nd4 {[%emt 0:00:04]} 27. Rde1 {[%emt 0:00:17]} e4 {[%emt 0:00:17]} 28. Bg5 {[%emt 0:00:15]} Qf5 {[%emt 0:00:11]} 29. Qg4 {[%emt 0:00:11]} Qxg4 {[%emt 0:00:08]} 30. hxg4 {[%emt 0:00:00]} Nf3 {[%emt 0:00:00]} 31. Nxe4 {[%emt 0:00:07]} Nxe1 {[%emt 0:00:14]} 32. Rxe1 {[%emt 0:00:00]} Rbe8 {[%emt 0:00:07]} 33. d6 {[%emt 0:00:10]} Rf3 {[%emt 0:00:18]} 34. Be7 {[%emt 0:00:36]} Rf4 {[%emt 0:00:25]} 35. d7 {[%emt 0:00:04]} Nxd7 {[%emt 0:00:03]} 36. Bxc4+ {[%emt 0:00:01]} Kh7 {[%emt 0:00:03]} 37. Ng5+ {[%emt 0:00:05]} Kh8 {[%emt 0:00:11]} 38. Rh1+ {[%emt 0:00:01]} Bh6 {[%emt 0:00:01]} 39. Rxh6+ {[%emt 0:00:01]} Kg7 {[%emt 0:00:00]} 40. Rh7# {[%emt 0:00:01] (Lag: Av=0.57s, max=0.9s)} 1-0

[Event "Is Bankasi Online Satranc Turn.19-20 YAS"]
[Site "T#646377Mustafa Kemal"]
[Date "2020.05.27"]
[Round "3"]
[White "berkerenkalayc80"]
[Black "Hamitalphanmet52"]
[Result "1/2-1/2"]
[WhiteElo "1620"]
[BlackElo "1620"]
[Annotator "NA RC"]
[PlyCount "84"]
[EventDate "2020.05.27"]
[EventType "swiss (blitz)"]

1. e4 {[%emt 0:00:02]} e5 {[%emt 0:00:05]} 2. Nf3 {[%emt 0:00:01]} Nc6 {[%emt 0:00:02]} 3. Bc4 {[%emt 0:00:02]} Bc5 {[%emt 0:00:01]} 4. d3 {[%emt 0:00:01]} Nf6 {[%emt 0:00:01]} 5. Ng5 {[%emt 0:00:01]} d5 {[%emt 0:00:03]} 6. exd5 {[%emt 0:00:02]} Nxd5 {[%emt 0:00:02]} 7. Qf3 {[%emt 0:00:02]} Be6 {[%emt 0:00:13]} 8. Nxe6 {[%emt 0:00:08]} fxe6 {[%emt 0:00:02]} 9. Qh5+ {[%emt 0:00:02]} g6 {[%emt 0:00:06]} 10. Qe2 {[%emt 0:00:04]} Qf6 {[%emt 0:00:09]} 11. O-O {[%emt 0:00:03]} O-O-O {[%emt 0:00:05]} 12. Nc3 {[%emt 0:00:03]} h6 {[%emt 0:00:15]} 13. a4 {[%emt 0:00:16]} Nd4 {[%emt 0:00:03]} 14. Qd1 {[%emt 0:00:06]} Rdf8 {[%emt 0:00:14]} 15. Be3 {[%emt 0:00:05]} c6 {[%emt 0:00:04]} 16. a5 {[%emt 0:00:11]} a6 {[%emt 0:00:03]} 17. Bxd5 {[%emt 0:00:03]} exd5 {[%emt 0:00:02]} 18. Ne2 {[%emt 0:00:13]} g5 {[%emt 0:00:16]} 19. c3 {[%emt 0:00:12]} Ne6 {[%emt 0:00:05]} 20. Bxc5 {[%emt 0:00:03]} Nxc5 {[%emt 0:00:02]} 21. Ng3 {[%emt 0:00:01]} Rfg8 {[%emt 0:00:32]} 22. b4 {[%emt 0:00:14]} Ne6 {[%emt 0:00:03]} 23. Re1 {[%emt 0:00:04]} Nf4 {[%emt 0:00:07]} 24. Ne2 {[%emt 0:00:10]} Rf8 {[%emt 0:00:07]} 25. Nxf4 {[%emt 0:00:02]} gxf4 {[%emt 0:00:04]} 26. Qe2 {[%emt 0:00:01]} Re8 {[%emt 0:00:06]} 27. Qg4+ {[%emt 0:00:22]} Kc7 {[%emt 0:00:03]} 28. Re2 {[%emt 0:00:12]} Rhg8 {[%emt 0:00:04]} 29. Qh5 {[%emt 0:00:02]} Rg5 {[%emt 0:00:01]} 30. Qxe8 {[%emt 0:00:04]} Qg7 {[%emt 0:00:17]} 31. f3 {[%emt 0:00:14]} h5 {[%emt 0:00:08]} 32. Rae1 {[%emt 0:00:03]} h4 {[%emt 0:00:05]} 33. Rxe5 {[%emt 0:00:50]} Rxg2+ {[%emt 0:00:02]} 34. Kh1 {[%emt 0:00:01]} Rxh2+ {[%emt 0:00:31]} 35. Kxh2 {[%emt 0:00:02]} Qg3+ {[%emt 0:00:01]} 36. Kh1 {[%emt 0:00:01]} Qxf3+ {[%emt 0:00:04]} 37. Kg1 {[%emt 0:00:00]} Qg3+ {[%emt 0:00:04]} 38. Kf1 {[%emt 0:00:03]} Qf3+ {[%emt 0:00:01]} 39. Kg1 {[%emt 0:00:01]} Qg3+ {[%emt 0:00:01]} 40. Kh1 {[%emt 0:00:01]} Qf3+ {[%emt 0:00:02]} 41. Kh2 {[%emt 0:00:04]} Qg3+ {[%emt 0:00:03]} 42. Kh1 {[%emt 0:00:00]} Qf3+ {[%emt 0:00:03] (Lag: Av=0.53s, max=1.7s)} 1/2-1/2

[Event "Is Bankasi Online Satranc Turn.19-20 YAS"]
[Site "T#646377Mustafa Kemal"]
[Date "2020.05.27"]
[Round "3"]
[White "dincertasdogen32"]
[Black "Abdullahdoguka16"]
[Result "1-0"]
[WhiteElo "1620"]
[BlackElo "1620"]
[Annotator "NA RC"]
[PlyCount "71"]
[EventDate "2020.05.27"]
[EventType "swiss (blitz)"]

1. Nf3 {[%emt 0:00:01]} d5 {[%emt 0:00:08]} 2. g3 {[%emt 0:00:01]} c5 {[%emt 0:00:02]} 3. Bg2 {[%emt 0:00:01]} Nc6 {[%emt 0:00:01]} 4. O-O {[%emt 0:00:00]} e5 {[%emt 0:00:01]} 5. d3 {[%emt 0:00:00]} Bd6 {[%emt 0:00:01]} 6. c4 {[%emt 0:00:02]} d4 {[%emt 0:00:02]} 7. e3 {[%emt 0:00:01]} Nge7 {[%emt 0:00:02]} 8. exd4 {[%emt 0:00:01]} cxd4 {[%emt 0:00:23]} 9. Re1 {[%emt 0:00:01]} O-O {[%emt 0:00:02]} 10. a3 {[%emt 0:00:01]} a5 {[%emt 0:00:01]} 11. Nbd2 {[%emt 0:00:00]} Bg4 {[%emt 0:00:51]} 12. Qc2 {[%emt 0:00:02]} Rc8 {[%emt 0:00:07]} 13. c5 {[%emt 0:00:05]} Bb8 {[%emt 0:01:14]} 14. Nc4 {[%emt 0:00:01]} Bxf3 {[%emt 0:00:14]} 15. Bxf3 {[%emt 0:00:01]} f6 {[%emt 0:00:12]} 16. Bd2 {[%emt 0:00:01]} Kh8 {[%emt 0:00:04]} 17. b4 {[%emt 0:00:01]} axb4 {[%emt 0:00:02]} 18. axb4 {[%emt 0:00:00]} Ng6 {[%emt 0:00:08]} 19. Nb6 {[%emt 0:00:03]} Rc7 {[%emt 0:00:01]} 20. Ra8 {[%emt 0:00:00]} Qe7 {[%emt 0:00:05]} 21. Nd5 {[%emt 0:00:02]} Qd7 {[%emt 0:00:02]} 22. Nxc7 {[%emt 0:00:01]} Qxc7 {[%emt 0:00:00]} 23. b5 {[%emt 0:00:01]} Nce7 {[%emt 0:00:02]} 24. b6 {[%emt 0:00:01]} Qd7 {[%emt 0:00:02]} 25. Qc4 {[%emt 0:00:00]} Nc6 {[%emt 0:00:02]} 26. Qd5 {[%emt 0:00:01]} Qe7 {[%emt 0:00:02]} 27. Rea1 {[%emt 0:00:03]} Rd8 {[%emt 0:00:01]} 28. Qc4 {[%emt 0:00:02]} Nf8 {[%emt 0:00:01]} 29. Bxc6 {[%emt 0:00:01]} bxc6 {[%emt 0:00:01]} 30. Qa4 {[%emt 0:00:06]} Rc8 {[%emt 0:00:06]} 31. Qa6 {[%emt 0:00:02]} Qd7 {[%emt 0:00:04]} 32. b7 {[%emt 0:00:00]} Re8 {[%emt 0:00:02]} 33. Qb6 {[%emt 0:00:00]} Ne6 {[%emt 0:00:01]} 34. R1a6 {[%emt 0:00:01]} Qc7 {[%emt 0:00:03]} 35. Qxc7 {[%emt 0:00:02]} Nxc7 {[%emt 0:00:00]} 36. Rxc6 {[%emt 0:00:00] Abdullahdoguka16 terk eder (Lag: Av=0.75s, max=1.3s)} 1-0

[Event "Is Bankasi Online Satranc Turn.19-20 YAS"]
[Site "T#646377Mustafa Kemal"]
[Date "2020.05.27"]
[Round "4"]
[White "dincertasdogen32"]
[Black "Huseyinkaya02"]
[Result "1-0"]
[WhiteElo "1819"]
[BlackElo "1723"]
[Annotator "NA RC"]
[PlyCount "85"]
[EventDate "2020.05.27"]
[EventType "swiss (blitz)"]

1. e4 {[%emt 0:00:01]} d5 {[%emt 0:00:04]} 2. exd5 {[%emt 0:00:00]} Nf6 {[%emt 0:00:01]} 3. d4 {[%emt 0:00:01]} Bf5 {[%emt 0:00:01]} 4. c4 {[%emt 0:00:01]} e6 {[%emt 0:00:01]} 5. dxe6 {[%emt 0:00:00]} Bxe6 {[%emt 0:00:01]} 6. Nc3 {[%emt 0:00:00]} Bb4 {[%emt 0:00:02]} 7. Nf3 {[%emt 0:00:01]} O-O {[%emt 0:00:09]} 8. Bd3 {[%emt 0:00:13]} Bg4 {[%emt 0:00:10]} 9. O-O {[%emt 0:00:02]} Nc6 {[%emt 0:00:20]} 10. d5 {[%emt 0:00:01]} Nd4 {[%emt 0:00:04]} 11. Bxh7+ {[%emt 0:00:13]} Nxh7 {[%emt 0:00:23]} 12. Qxd4 {[%emt 0:00:01]} Bxf3 {[%emt 0:00:01]} 13. gxf3 {[%emt 0:00:00]} Be7 {[%emt 0:00:26]} 14. Be3 {[%emt 0:00:02]} Bf6 {[%emt 0:00:02]} 15. Qg4 {[%emt 0:00:01]} Bxc3 {[%emt 0:00:06]} 16. bxc3 {[%emt 0:00:00]} Qf6 {[%emt 0:00:02]} 17. Bd4 {[%emt 0:00:01]} Qg6 {[%emt 0:00:01]} 18. Rfe1 {[%emt 0:00:03]} Qxg4+ {[%emt 0:00:24]} 19. fxg4 {[%emt 0:00:00]} Rfe8 {[%emt 0:00:01]} 20. f4 {[%emt 0:00:03]} Nf8 {[%emt 0:00:08]} 21. Kf2 {[%emt 0:00:02]} Ng6 {[%emt 0:00:06]} 22. Kg3 {[%emt 0:00:01]} b6 {[%emt 0:00:11]} 23. h4 {[%emt 0:00:03]} Rad8 {[%emt 0:00:06]} 24. h5 {[%emt 0:00:03]} Nf8 {[%emt 0:00:05]} 25. f5 {[%emt 0:00:03]} Nd7 {[%emt 0:00:06]} 26. Kf4 {[%emt 0:00:02]} f6 {[%emt 0:00:12]} 27. a4 {[%emt 0:00:03]} Kf7 {[%emt 0:00:01]} 28. Re6 {[%emt 0:00:02]} Nf8 {[%emt 0:00:04]} 29. Rc6 {[%emt 0:00:01]} Rd7 {[%emt 0:00:03]} 30. h6 {[%emt 0:00:00]} g5+ {[%emt 0:00:02]} 31. fxg6+ {[%emt 0:00:01]} Nxg6+ {[%emt 0:00:01]} 32. Kg3 {[%emt 0:00:00]} Ne5 {[%emt 0:00:07]} 33. Bxe5 {[%emt 0:00:00]} Rxe5 {[%emt 0:00:02]} 34. Rf1 {[%emt 0:00:00]} Re3+ {[%emt 0:00:04]} 35. Kh4 {[%emt 0:00:01]} Rxc3 {[%emt 0:00:03]} 36. Rcxf6+ {[%emt 0:00:02]} Kg8 {[%emt 0:00:03]} 37. Rf8+ {[%emt 0:00:01]} Kh7 {[%emt 0:00:01]} 38. Kg5 {[%emt 0:00:00]} Rxc4 {[%emt 0:00:04]} 39. R1f7+ {[%emt 0:00:01]} Rxf7 {[%emt 0:00:02]} 40. Rxf7+ {[%emt 0:00:00]} Kh8 {[%emt 0:00:01]} 41. Rd7 {[%emt 0:00:00]} Rc5 {[%emt 0:00:02]} 42. Kg6 {[%emt 0:00:01]} Rxd5 {[%emt 0:00:02]} 43. Rxd5 {[%emt 0:00:00] Huseyinkaya02 terk eder (Lag: Av=0.61s, max=1.0s)} 1-0

[Event "Is Bankasi Online Satranc Turn.19-20 YAS"]
[Site "T#646377Mustafa Kemal"]
[Date "2020.05.27"]
[Round "4"]
[White "Halityavuzibik00"]
[Black "Kadirakin18"]
[Result "0-1"]
[WhiteElo "1677"]
[BlackElo "1686"]
[Annotator "NA RC"]
[PlyCount "60"]
[EventDate "2020.05.27"]
[EventType "swiss (blitz)"]
[TimeControl "180+2"]

1. e4 {[%emt 0:00:06]} c5 {[%emt 0:00:01]} 2. Nf3 {[%emt 0:00:01]} e6 {[%emt 0:00:01]} 3. d4 {[%emt 0:00:00]} cxd4 {[%emt 0:00:00]} 4. Nxd4 {[%emt 0:00:00]} Nf6 {[%emt 0:00:00]} 5. Nc3 {[%emt 0:00:00]} d6 {[%emt 0:00:00]} 6. g3 {[%emt 0:00:00]} Be7 {[%emt 0:00:02]} 7. Bg2 {[%emt 0:00:01]} Nbd7 {[%emt 0:00:00]} 8. O-O {[%emt 0:00:01]} a6 {[%emt 0:00:02]} 9. f4 {[%emt 0:00:12]} h5 {[%emt 0:00:08]} 10. h3 {[%emt 0:00:04]} Qc7 {[%emt 0:00:08]} 11. Be3 {[%emt 0:00:03]} Rb8 {[%emt 0:00:11]} 12. Qe2 {[%emt 0:00:47]} b5 {[%emt 0:00:02]} 13. a3 {[%emt 0:00:01]} Bb7 {[%emt 0:00:01]} 14. Rad1 {[%emt 0:00:07]} Nc5 {[%emt 0:00:02]} 15. Bf2 {[%emt 0:00:10]} Rd8 {[%emt 0:00:12]} 16. f5 {[%emt 0:00:42]} e5 {[%emt 0:00:02]} 17. Nb3 {[%emt 0:00:01]} Kf8 {[%emt 0:00:57]} 18. Rd2 {[%emt 0:00:20]} Kg8 {[%emt 0:00:06]} 19. Rfd1 {[%emt 0:00:14]} Ncd7 {[%emt 0:00:20]} 20. Be3 {[%emt 0:00:19]} Nb6 {[%emt 0:00:01]} 21. Rd3 {[%emt 0:00:21]} Nc4 {[%emt 0:00:09]} 22. Bc1 {[%emt 0:00:01]} Qb6+ {[%emt 0:00:10]} 23. Be3 {[%emt 0:00:08]} Qc7 {[%emt 0:00:03]} 24. Bc1 {[%emt 0:00:01]} Rd7 {[%emt 0:00:01]} 25. g4 {[%emt 0:00:05]} hxg4 {[%emt 0:00:01]} 26. hxg4 {[%emt 0:00:00]} Qb6+ {[%emt 0:00:04]} 27. Be3 {[%emt 0:00:01]} Nxe3 {[%emt 0:00:01]} 28. Rxe3 {[%emt 0:00:00]} Nxg4 {[%emt 0:00:02]} 29. Rdd3 {[%emt 0:00:06]} Nxe3 {[%emt 0:00:04]} 30. Rxe3 {[%emt 0:00:00]} Bg5 {[%emt 0:00:01] Halityavuzibik00 terk eder (Lag: Av=0.56s, max=1.2s)} 0-1

[Event "Is Bankasi Online Satranc Turn.19-20 YAS"]
[Site "T#646377Mustafa Kemal"]
[Date "2020.05.27"]
[Round "4"]
[White "Abdullahdoguka16"]
[Black "Okanozsakallio94"]
[Result "0-1"]
[WhiteElo "1658"]
[BlackElo "1711"]
[Annotator "NA RC"]
[PlyCount "120"]
[EventDate "2020.05.27"]
[EventType "swiss (blitz)"]

1. Nf3 {[%emt 0:00:03]} Nf6 {[%emt 0:00:01]} 2. g3 {[%emt 0:00:01]} g6 {[%emt 0:00:00]} 3. Bg2 {[%emt 0:00:00]} Bg7 {[%emt 0:00:00]} 4. O-O {[%emt 0:00:00]} O-O {[%emt 0:00:00]} 5. d4 {[%emt 0:00:00]} d6 {[%emt 0:00:01]} 6. c4 {[%emt 0:00:01]} c6 {[%emt 0:00:01]} 7. Nc3 {[%emt 0:00:01]} Qa5 {[%emt 0:00:01]} 8. e4 {[%emt 0:00:42]} e5 {[%emt 0:00:02]} 9. h3 {[%emt 0:00:09]} Re8 {[%emt 0:00:02]} 10. Be3 {[%emt 0:00:03]} Nbd7 {[%emt 0:00:05]} 11. Re1 {[%emt 0:00:02]} exd4 {[%emt 0:00:16]} 12. Nxd4 {[%emt 0:00:18]} Ne5 {[%emt 0:00:02]} 13. Nb3 {[%emt 0:00:18]} Qc7 {[%emt 0:00:10]} 14. c5 {[%emt 0:00:04]} dxc5 {[%emt 0:00:02]} 15. Bxc5 {[%emt 0:00:00]} Rd8 {[%emt 0:00:02]} 16. Qc2 {[%emt 0:00:21]} Be6 {[%emt 0:00:18]} 17. Rad1 {[%emt 0:00:03]} b6 {[%emt 0:00:06]} 18. Be3 {[%emt 0:00:12]} Nc4 {[%emt 0:00:03]} 19. Bf4 {[%emt 0:00:04]} Qe7 {[%emt 0:00:22]} 20. e5 {[%emt 0:00:22]} Nd5 {[%emt 0:00:01]} 21. Nxd5 {[%emt 0:00:01]} cxd5 {[%emt 0:00:00]} 22. Nd4 {[%emt 0:00:06]} Rac8 {[%emt 0:00:02]} 23. Nxe6 {[%emt 0:00:25]} fxe6 {[%emt 0:00:05]} 24. Qe2 {[%emt 0:00:16]} Qb4 {[%emt 0:00:20]} 25. b3 {[%emt 0:00:05]} Na3 {[%emt 0:00:01]} 26. Qg4 {[%emt 0:00:05]} Re8 {[%emt 0:00:05]} 27. h4 {[%emt 0:00:07]} Qf8 {[%emt 0:00:11]} 28. h5 {[%emt 0:00:01]} Qf5 {[%emt 0:00:01]} 29. Qxf5 {[%emt 0:00:03]} gxf5 {[%emt 0:00:00]} 30. Rd2 {[%emt 0:00:05]} Bf8 {[%emt 0:00:03]} 31. Red1 {[%emt 0:00:02]} Bb4 {[%emt 0:00:02]} 32. Re2 {[%emt 0:00:01]} Nb5 {[%emt 0:00:03]} 33. Rc1 {[%emt 0:00:04]} Rxc1+ {[%emt 0:00:01]} 34. Bxc1 {[%emt 0:00:02]} Rc8 {[%emt 0:00:00]} 35. Bg5 {[%emt 0:00:02]} d4 {[%emt 0:00:06]} 36. Kh2 {[%emt 0:00:02]} d3 {[%emt 0:00:02]} 37. Re3 {[%emt 0:00:01]} Rc3 {[%emt 0:00:10]} 38. Bf3 {[%emt 0:00:01]} Nd4 {[%emt 0:00:06]} 39. Bd1 {[%emt 0:00:03]} Kf7 {[%emt 0:00:09]} 40. Kg2 {[%emt 0:00:01]} Bc5 {[%emt 0:00:11]} 41. Kf1 {[%emt 0:00:01]} Nc6 {[%emt 0:00:05]} 42. Re1 {[%emt 0:00:04]} Bd4 {[%emt 0:00:04]} 43. Bd2 {[%emt 0:00:01]} Rc5 {[%emt 0:00:01]} 44. f4 {[%emt 0:00:01]} a5 {[%emt 0:00:05]} 45. Kg2 {[%emt 0:00:01]} Bc3 {[%emt 0:00:03]} 46. Bxc3 {[%emt 0:00:05]} Rxc3 {[%emt 0:00:00]} 47. Kf3 {[%emt 0:00:00]} d2+ {[%emt 0:00:04]} 48. Re3 {[%emt 0:00:03]} Rc1 {[%emt 0:00:01]} 49. Ke2 {[%emt 0:00:02]} Ra1 {[%emt 0:00:01]} 50. Kxd2 {[%emt 0:00:01]} Rxa2+ {[%emt 0:00:01]} 51. Kc3 {[%emt 0:00:03]} Nb4 {[%emt 0:00:01]} 52. g4 {[%emt 0:00:03]} Nd5+ {[%emt 0:00:02]} 53. Kd3 {[%emt 0:00:02]} Nxe3 {[%emt 0:00:02]} 54. Kxe3 {[%emt 0:00:00]} Ra1 {[%emt 0:00:02]} 55. Bf3 {[%emt 0:00:02]} fxg4 {[%emt 0:00:02]} 56. Bxg4 {[%emt 0:00:01]} Rb1 {[%emt 0:00:00]} 57. f5 {[%emt 0:00:02]} Rxb3+ {[%emt 0:00:01]} 58. Kf4 {[%emt 0:00:00]} Rb4+ {[%emt 0:00:01]} 59. Kg5 {[%emt 0:00:01]} h6+ {[%emt 0:00:00]} 60. Kh4 {[%emt 0:00:03]} exf5 {[%emt 0:00:01] Abdullahdoguka16 terk eder (Lag: Av=0.69s, max=1.0s)} 0-1